000 00454nam a2200181Ia 4500
001 21328
005 20260306172911.0
008 260306t2021||||xx |||||||||||||| ||spa||
041 _aESP
082 _a344.528
_bA67
100 _aArbulú Martínez, Víctor Jimmy
_eAUT
245 0 _aDelitos contra la administración pública
260 _c2021
300 _a687 páginas :
_c25 cm.
650 _aGEN
654 _aCDE
942 _cLIB
_dJUS
_fJUS
_2ddc
_n
999 _c21328
_d21328